000 00580nam a2200229Ia 4500
003 OSt
005 20221005120505.0
006 a|||||r|||| 00| 0
007 ta
008 221004b |||||||| |||| 00| 0 mar d
024 _a63274
037 _cTextual
040 _aCRL
_cCRL
_bmar
041 _2mar
_amar
082 _aO155,3NKAL,2, L5
100 _aKale V. Pu. Au.
_9629231
245 0 _aeke sakhe
260 _c1975
650 _aMARATHI LITERATURE
_938000
942 _hO155,3NKAL,2, L5
_cTEXL
_2cc
999 _c1038240
_d1038240